Real estate dictionary

Bibliographic Details
Main Authors: Bagby, Joseph R. (Author), Bagby, Martha L. (Author)
Format: Book
Language:English
Published: New Jersey : Institut for Business Planning 1981
Subjects:

MARC

LEADER 00000cam a2200000 7i4500
001 0000005363
005 20240913.0
008 240513 nju eng
020 |a 0876244800 (paperback) 
040 |a INS   |b eng   |e rda 
090 0 0 |a RHD1365   |b .B24 1981 
100 1 |a Bagby, Joseph R. ,   |e author 
245 1 0 |a Real estate dictionary   |c by Joseph R. Bagby and Martha L. Bagby 
264 1 |a New Jersey :   |b Institut for Business Planning   |c 1981 
300 |a ix, 188 pages ;   |c 23 cm. 
336 |a text  |2 rdacontent 
337 |a unmediated  |2 rdamedia 
338 |a volume  |2 rdacarrier 
650 0 |a Real estate business   |x Dictionaries 
650 0 |a Real property   |x Dictionaries 
700 1 |a Bagby, Martha L. ,   |e author 
999 |a 0000000119   |b BOOK   |c Red Spot   |e Default branch